Les déserts le plus grands du monde (avec une carte) - Statistiques

Statistiques générales
  • Ce quiz a été pris 552 fois
  • Le résultat moyen est 5 sur 10
Réponses sur la Carte
Les réponses sont colorées sur une échelle allant du rouge au vert en fonction du pourcentage des utilisateurs qui les ont devinées à leur premier essai. Vous pouvez retrouver ces pourcentages ci-dessous.
 
Statistiques - réponses
km2 Désert % Correct
9 065 000 Sahara
99%
14 000 000 Antarctique
83%
1 300 000 Désert de Gobi
83%
2 331 000 Désert d'Arabie
57%
900 000 Désert du Kalahari
42%
673 000 Patagonie
37%
450 000 Grand désert de Victoria
21%
520 000 Désert de Syrie
20%
450 000 Désert du Chihuahua
18%
492 000 Grand Bassin
9%
Aucun quiz correspondant
Distribution des résultats
% des personnes avec chaque résultat
Percentile par nombre de réponses
Votre historique - résultats
Vous n’avez pas pris ce quiz